Štátna podpora inovačnej aktivity malých a stredných podnikov SR

Inovačná aktivita MSP ako faktor rastu konkurencischopnost SR. Účinnosť vybraných finančných nástrojov podpory inovačnej aktivity MSP zo strany štátu.

Saved in:
Bibliographic Details
Main Author: Plchová, Jana
Other Authors: Bondareva, Irina, Híveš, Ján
Format: Book Chapter
Language:Slovak
Subjects:
Tags: Add Tag
No Tags, Be the first to tag this record!

MARC

LEADER 00000nla a2200000 4500
001 0237954
005 20240417075129.9
041 0 |a slo 
044 |a SK 
245 1 0 |a Štátna podpora inovačnej aktivity malých a stredných podnikov SR  |c Jana Plchová, Irina Bondareva, Ján Híveš 
520 |a Inovačná aktivita MSP ako faktor rastu konkurencischopnost SR. Účinnosť vybraných finančných nástrojov podpory inovačnej aktivity MSP zo strany štátu. 
610 2 0 |a Slovensko 
610 2 0 |a stratégia inovačná 
610 2 0 |a podnik malý 
610 2 0 |a podnik stredný 
610 2 0 |a podpora štátna 
610 2 0 |a nástroje finančné 
610 2 0 |a konkurencieschopnosť 
100 1 |a Plchová, Jana 
700 1 |a Bondareva, Irina 
700 1 |a Híveš, Ján